000 004370000a22001570004500
003 LK-CoMWRAF
008 230817t ||||| |||| 00| 0 eng d
040 _aLK-CoMWRAF
_dLK-CoMWRAF
_eLK-CoMWRAF
041 _aeng
082 _a007
_bMUS
245 _aThe Muslim Marriage And Divorce Law Reports
_bContaining Cases decided by the Board of Quazis
260 _aColombo
_b
_c1972
300 _ap.208
490 _aVolume-IV
942 _cBK
999 _c182
_d182